header

Poverty and charity in the Jewish community of medieval Egypt (Record no. 3111)

MARC details
000 -LEADER
fixed length control field 02080nam a22004814a 4500
082 04 - DEWEY DECIMAL CLASSIFICATION NUMBER
Classification number 362.5/089/924062
100 1# - MAIN ENTRY--AUTHOR NAME
Personal name Cohen, Mark R.,
245 10 - TITLE STATEMENT
Title Poverty and charity in the Jewish community of medieval Egypt
260 ## - PUBLICATION, DISTRIBUTION, ETC. (IMPRINT)
Place of publication Princeton :
Name of publisher Princeton University Press,
Year of publication c2005.
300 ## - PHYSICAL DESCRIPTION
Number of Pages xi, 287 p. :
Other physical details ill.
490 1# - SERIES STATEMENT
Series statement Jews, Christians, and Muslims from the ancient to the modern world
500 ## - GENERAL NOTE
General note Complemented by the author's collection of primary sources in translation, The voice of the poor in the Middle Ages: an anthology of documents from the Cairo Geniza, on which the research is based.
650 #0 - SUBJECT ADDED ENTRY--TOPICAL TERM
Topical Term Jews
Topical Term Poverty
Topical Term Judaism
Topical Term Jews
Topical Term Poor
Topical Term Judaism
Topical Term Islam
Topical Term Cairo Genizah.
856 40 - ELECTRONIC LOCATION AND ACCESS
Uniform Resource Identifier http://site.ebrary.com/lib/rucke/Doc?id=10284021

No items available.

© 2026 Rongo University
Contact us: librarian | system librarian | Rongo university